| 000 | 00597nam a2200229Ia 4500 | ||
|---|---|---|---|
| 003 | OSt | ||
| 005 | 20220928114837.0 | ||
| 006 | a|||||r|||| 00| 0 | ||
| 007 | ta | ||
| 008 | 220927b |||||||| |||| 00| 0 eng d | ||
| 024 | _a45409 | ||
| 037 | _cTextual | ||
| 040 |
_aSDCL _cSDCL _beng |
||
| 041 |
_2eng _aeng |
||
| 082 | _aV2(Q7):71, N9 | ||
| 100 |
_aInsoll Timothy _9441139 |
||
| 245 | 0 | _aArchaeology of Islam | |
| 260 |
_aLondon _bBlackwell Publishers _c1999 |
||
| 300 |
_ax,274p _ccm. |
||
| 942 |
_hV2(Q7):71, N9 _cTEXL _2CC |
||
| 999 |
_c756602 _d756602 |
||